Vista normal Vista MARC

Entrada Topical Term

Número de registros utilizados en: 1

001 - CONTROL NUMBER

  • control field: 59749

003 - CONTROL NUMBER IDENTIFIER

  • control field: Utea

005 - DATE AND TIME OF LATEST TRANSACTION

  • control field: 20251009152218.0

008 - FIXED-LENGTH DATA ELEMENTS

  • fixed length control field: 251009|| aca||aabn | a|a d

040 ## - CATALOGING SOURCE

  • Original cataloging agency: Utea
  • Transcribing agency: Utea

150 ## - HEADING--TOPICAL TERM

  • Topical term or geographic name entry element: ERUPCIÓN DENTARIA

670 ## - SOURCE DATA FOUND

  • Source citation: Work cat.: (Utea)17456: Valdivia Castro, Sebastiam Autor 59748, Odontología infantil : , 2020